Cuentos completos 1
Na minha lista:
| Autor principal: | |
|---|---|
| Formato: | Livro |
| Idioma: | Undetermined |
| Publicado em: |
Buenos Aires, Argentina
Punto de Lectura
2007
|
| Edição: | 2 |
| Assuntos: | |
| Tags: |
Adicionar Tag
Sem tags, seja o primeiro a adicionar uma tag!
|
MARC
| LEADER | 00000nam a2200000Ia 4500 | ||
|---|---|---|---|
| 008 | 170316s9999 xx 000 0 und d | ||
| 040 | |a cru BVZT | ||
| 090 | |a 860 C-43c v.1 | ||
| 100 | |a Cortázar, Julio | ||
| 245 | |a Cuentos completos 1 | ||
| 250 | |a 2 | ||
| 260 | |a Buenos Aires, Argentina | ||
| 260 | |b Punto de Lectura | ||
| 260 | |c 2007 | ||
| 300 | |a 548 páginas Vol. 1 | ||
| 650 | |a LITERATURA LATINOAMERICANA | ||
| 650 | |a CUENTOS | ||
| 999 | |c 8537 |d 8537 | ||
| 942 | |c 15 D |h 860 C-43c v.1 |2 z | ||
